[Event "Hoersching op 2nd"]
[Site "Hoersching"]
[Date "2014.08.24"]
[Round "2"]
[White "Wadsack, Wolfgang"]
[Black "Reisinger, Heinz"]
[Result "1-0"]
[WhiteElo "2141"]
[BlackElo "1877"]
[PlyCount "73"]
[EventDate "2014.08.23"]
[EventType "swiss"]
[EventRounds "9"]
[EventCountry "AUT"]
[SourceTitle "EXT 2015"]
[Source "ChessBase"]
[SourceDate "2014.11.20"]
[SourceVersion "1"]
[SourceVersionDate "2014.11.20"]
[SourceQuality "1"]

1. e4 c6 2. d4 d5 3. exd5 cxd5 4. c4 Nf6 5. Nc3 e6 6. c5 b6 7. cxb6 Qxb6 8. Nf3 Nbd7 9. Bd3 Ba6 10. 0-0 Be7 11. a3 Bxd3 12. Qxd3 a5 13. Be3 0-0 14. Na4 Qa7 15. Ne5 Qb7 16. h3 Nxe5 17. dxe5 Nd7 18. f4 Rfc8 19. Rac1 g6 20. Kh2 Ra6 21. Rxc8+ Qxc8 22. Rc1 Rc6 23. Rxc6 Qxc6 24. Qb3 Kg7 25. Bd2 Nc5 26. Nxc5 Qxc5 27. Qd3 Qb6 28. Qc3 a4 29. Be3 Qb5 30. Bd4 Bd8 31. Qc8 Qf1 32. Be3 Qe1 33. Bc5 Qa5 34. Bd6 d4 35. Qd7 Qa6 36. Qe8 Kh6 37. Qxf7 1-0

[Event "Niederoesterreich Landesliga 1213"]
[Site "Austria"]
[Date "2013.02.17"]
[Round "6.4"]
[White "Wadsack, Wolfgang"]
[Black "Woeber, Friedrich"]
[Result "1-0"]
[WhiteElo "2119"]
[BlackElo "2166"]
[PlyCount "75"]
[EventDate "2012.09.30"]
[EventType "team-tourn"]
[EventRounds "7"]
[EventCountry "AUT"]
[SourceTitle "EXT 2022"]
[Source "ChessBase"]
[SourceDate "2021.10.06"]
[SourceVersion "1"]
[SourceVersionDate "2021.10.06"]
[SourceQuality "1"]

1. e4 c5 2. c3 Nf6 3. e5 Nd5 4. d4 cxd4 5. cxd4 d6 6. Nf3 Nc6 7. Bc4 Nb6 8. Bb3 dxe5 9. d5 Na5 10. Nc3 f6 11. Be3 Nxb3 12. Qxb3 e6 13. dxe6 Qd6 14. Nb5 Qb4+ 15. Nd2 Qxb3 16. Nxb3 Bb4+ 17. Ke2 Nd5 18. Rhd1 Nxe3 19. Nc7+ Ke7 20. Kxe3 Bxe6 21. Nxa8 Rxa8 22. Rac1 Bd6 23. Nc5 b6 24. Nb7 Bb8 25. Rd8 a5 26. Ke2 b5 27. b3 a4 28. bxa4 bxa4 29. Rc2 Bf5 30. Rcd2 a3 31. Rg8 Be6 32. Rxg7+ Kf8 33. Rxh7 Ba7 34. Rh8+ Bg8 35. Rd7 Bb6 36. Nd6 Ra7 37. Rxa7 Bxa7 38. Nf5 1-0

[Event "Steyr op"]
[Site "Steyr"]
[Date "2012.08.31"]
[Round "5"]
[White "Wersching, Alfred"]
[Black "Wadsack, Wolfgang"]
[Result "1/2-1/2"]
[WhiteElo "2035"]
[BlackElo "2181"]
[PlyCount "155"]
[EventDate "2012.08.27"]
[EventType "swiss"]
[EventRounds "7"]
[EventCountry "AUT"]
[SourceTitle "CBM 150 Extra"]
[Source "ChessBase"]
[SourceDate "2012.10.19"]
[SourceVersion "1"]
[SourceVersionDate "2012.10.19"]
[SourceQuality "1"]

1. d4 d5 2. Nf3 Nf6 3. g3 c5 4. Bg2 cxd4 5. 0-0 e6 6. Bg5 Be7 7. Nxd4 Nc6 8. Nxc6 bxc6 9. c4 Rb8 10. cxd5 cxd5 11. b3 Ba6 12. Nd2 0-0 13. Re1 h6 14. Bf4 Rc8 15. a3 Qb6 16. b4 Rfd8 17. e3 Bd6 18. Bxd6 Qxd6 19. Nb3 Bc4 20. Na5 Ba6 21. e4 dxe4 22. Qxd6 Rxd6 23. Bxe4 Nxe4 24. Rxe4 Rd2 25. Nb3 Rdc2 26. Nc5 Bc4 27. Ree1 a5 28. Rac1 Rxc1 29. Rxc1 axb4 30. axb4 Bb5 31. Rb1 Rd8 32. f3 Kf8 33. Rb2 h5 34. Kf2 Ke7 35. h4 Ra8 36. Nb3 Rd8 37. Rd2 Rb8 38. Nd4 Be8 39. Rb2 g6 40. f4 Kd6 41. Ke3 Kd5 42. Kd3 f6 43. Ne2 Bb5+ 44. Kc3 Rc8+ 45. Kd2 Bxe2 46. Kxe2 Ra8 47. Rd2+ Ke4 48. b5 Rb8 49. Rb2 Rb6 50. Rb4+ Kd5 51. Kf3 Kc5 52. Rb1 Rxb5 53. Rc1+ Kd6 54. Rc8 g5 55. hxg5 fxg5 56. fxg5 Rxg5 57. Kf4 Rf5+ 58. Ke4 Ke7 59. Rh8 Kf7 60. Rh6 Ra5 61. Kf4 Ke7 62. Rh7+ Kd6 63. Rh6 Re5 64. Rh8 Rf5+ 65. Ke4 Ra5 66. Rh6 Ra4+ 67. Kf3 Ra5 68. Ke4 Ke7 69. Kf4 Kf7 70. Ke4 Rf5 71. Ke3 e5 72. Ke4 Rg5 73. Ra6 Rxg3 74. Kxe5 Kg7 75. Kf4 h4 76. Rb6 Rg1 77. Rb7+ Kh6 78. Rb6+ 1/2-1/2

[Event "Steyr op"]
[Site "Steyr"]
[Date "2012.08.29"]
[Round "3"]
[White "Blasl, Dietmar"]
[Black "Wadsack, Wolfgang"]
[Result "0-1"]
[WhiteElo "2070"]
[BlackElo "2181"]
[PlyCount "80"]
[EventDate "2012.08.27"]
[EventType "swiss"]
[EventRounds "7"]
[EventCountry "AUT"]
[SourceTitle "CBM 150 Extra"]
[Source "ChessBase"]
[SourceDate "2012.10.19"]
[SourceVersion "1"]
[SourceVersionDate "2012.10.19"]
[SourceQuality "1"]

1. d4 d5 2. c4 dxc4 3. e3 e5 4. Bxc4 exd4 5. exd4 Bb4+ 6. Nc3 Nf6 7. Nf3 0-0 8. 0-0 Bg4 9. h3 Bh5 10. Bg5 Be7 11. Re1 c6 12. g4 Bg6 13. Ne5 b5 14. Nxg6 hxg6 15. Bf1 b4 16. Na4 Nbd7 17. Bg2 Rc8 18. Rc1 c5 19. dxc5 Bxc5 20. Qd2 Qa5 21. b3 Nb6 22. Nxc5 Rxc5 23. Rxc5 Qxc5 24. Be3 Qc3 25. Rc1 Qxd2 26. Bxd2 a5 27. g5 Nfd7 28. Kf1 Re8 29. f4 Re6 30. Kf2 Rd6 31. Be3 a4 32. Ke2 axb3 33. axb3 Kf8 34. Rc7 Nd5 35. Bxd5 Rxd5 36. Rb7 Ke7 37. Rxb4 Ke6 38. Kf3 f6 39. h4 Rd1 40. Re4+ Kf7 0-1